| 000 -LEADER |
| fixed length control field |
02709cam a22003978i 4500 |
| 001 - CONTROL NUMBER |
| control field |
21302306 |
| 003 - CONTROL NUMBER IDENTIFIER |
| control field |
NUST |
| 005 - DATE AND TIME OF LATEST TRANSACTION |
| control field |
20220828180818.0 |
| 008 - FIXED-LENGTH DATA ELEMENTS--GENERAL INFORMATION |
| fixed length control field |
191122s2020 enk b 001 0 eng |
| 010 ## - LIBRARY OF CONGRESS CONTROL NUMBER |
| LC control number |
2019053566 |
| 020 ## - INTERNATIONAL STANDARD BOOK NUMBER |
| International Standard Book Number |
9781119557449 |
| Qualifying information |
(paperback) |
| 020 ## - INTERNATIONAL STANDARD BOOK NUMBER |
| Canceled/invalid ISBN |
9781119557463 |
| Qualifying information |
(adobe pdf) |
| 020 ## - INTERNATIONAL STANDARD BOOK NUMBER |
| Canceled/invalid ISBN |
9781119557487 |
| Qualifying information |
(epub) |
| 038 ## - RECORD CONTENT LICENSOR |
| Staff Name |
Azhar |
| 040 ## - CATALOGING SOURCE |
| Original cataloging agency |
DLC |
| Language of cataloging |
eng |
| Description conventions |
rda |
| Transcribing agency |
DLC |
| 042 ## - AUTHENTICATION CODE |
| Authentication code |
pcc |
| 050 00 - LIBRARY OF CONGRESS CALL NUMBER |
| Classification number |
PE1128.A2 |
| Item number |
Y38 2020 |
| 082 00 - DEWEY DECIMAL CLASSIFICATION NUMBER |
| Classification number |
428.0071 |
| Edition number |
23 |
| Author Mark |
YAV |
| 100 1# - MAIN ENTRY--PERSONAL NAME |
| Personal name |
Yavaş, Mehmet, |
| Relator term |
author. |
| 9 (RLIN) |
93803 |
| 245 10 - TITLE STATEMENT |
| Title |
Applied English phonology |
| Statement of responsibility, etc. |
Mehmet Yavas. |
| 250 ## - EDITION STATEMENT |
| Edition statement |
Fourth edition. |
| 260 ## - PUBLICATION, DISTRIBUTION, ETC. |
| Place of publication, distribution, etc. |
Chichester, |
| Name of publisher, distributor, etc. |
Wiley Blackwell, |
| Date of publication, distribution, etc. |
2020 |
| 300 ## - PHYSICAL DESCRIPTION |
| Extent |
pages cm |
| 336 ## - CONTENT TYPE |
| Content type term |
text |
| Content type code |
txt |
| Source |
rdacontent |
| 337 ## - MEDIA TYPE |
| Media type term |
unmediated |
| Media type code |
n |
| Source |
rdamedia |
| 338 ## - CARRIER TYPE |
| Carrier type term |
volume |
| Carrier type code |
nc |
| Source |
rdacarrier |
| 504 ## - BIBLIOGRAPHY, ETC. NOTE |
| Bibliography, etc. note |
Includes bibliographical references and index. |
| 520 ## - SUMMARY, ETC. |
| Summary, etc. |
"A leading textbook for English Phonetics and Phonology, the fourth edition of Applied English Phonology is an accessible, authoritative introduction to the English sound system. Providing clear explanations and numerous illustrative examples, this new edition has been fully updated with the latest research and references. Detailed discussions of fundamental concepts of applied English phonology cover phonetic elements, phonemics, English consonants and vowels, stress and intonation, structural factors in second language phonology, and much more. Designed for students and professionals in both theoretical and applied linguistics, education, and communication sciences and disorders, this textbook contains new material throughout, including a new chapter introducing typical phonological development, patterns of simplification, and disordered phonology. Expanded sections explore topics such as contracted forms, issues in consonant and vowel transcription conventions, and regional dialects of American English. Written by an internationally recognized scholar and educator, Applied English Phonology, Fourth Edition is essential reading for anyone in applied phonetics and phonology courses, as well as students and practitioners in areas of language and linguistics, TESOL, and communication sciences and disorders"-- |
| Assigning source |
Provided by publisher. |
| 563 ## - BINDING INFORMATION |
| Binding note |
PB |
| 650 #0 - SUBJECT ADDED ENTRY--TOPICAL TERM |
| Topical term or geographic name entry element |
English language |
| General subdivision |
Study and teaching |
| -- |
Foreign speakers. |
| 9 (RLIN) |
11458 |
| 650 #0 - SUBJECT ADDED ENTRY--TOPICAL TERM |
| Topical term or geographic name entry element |
English language |
| General subdivision |
Phonology. |
| 9 (RLIN) |
93804 |
| 776 08 - ADDITIONAL PHYSICAL FORM ENTRY |
| Relationship information |
Online version: |
| Main entry heading |
Yavas, Mehmet, |
| Title |
Applied english phonology |
| Edition |
Fourth edition. |
| Place, publisher, and date of publication |
Hoboken : Wiley-Blackwell, 2020. |
| International Standard Book Number |
9781119557463 |
| Record control number |
(DLC) 2019053567 |
| 906 ## - LOCAL DATA ELEMENT F, LDF (RLIN) |
| a |
7 |
| b |
cbc |
| c |
orignew |
| d |
1 |
| e |
ecip |
| f |
20 |
| g |
y-gencatlg |
| 942 ## - ADDED ENTRY ELEMENTS (KOHA) |
| Source of classification or shelving scheme |
|
| Koha item type |
Lincoln Corner |